000 00354nam a2200133Ia 4500
008 240624s9999 xx 000 0 und d
041 _aeng
082 _a332.1 BAN
100 _aBANKS ERIK
245 _aSEE NO EVIL UNCOVERING THE TRUTH BEHIND
260 _c2011
_aNew York
_bPalgrave Macmillan
300 _avi, : 239 : p. : cm. ; 24
365 _cGBP
_b50
999 _c27311
_d27311